000 01046nam a2200229 a 4500
001 000025590
005 20240313092933.0
008 110218s1995 dr ac 000 0 spa d
040 _aDO-SdBNP
_bspa
_cBNPHU
082 _a304.6
_bS437h
245 0 0 _aSe hace camino al andar :
_b(elementos para una estrategia nacional de IEC en salud sexual y reproductiva en la República Dominicana).
260 _aSanto Domingo :
_bGESIEC;
_bFNUAP,
_c1995.
300 _a161 P. :
_bil., retr. ;
_c28 cm.
590 _aInventariado, 2018/BT
650 4 _aPlanificación familiar
_zRepública Dominicana
_952270
650 4 _aEducación sexual
_zRepública Dominicana
_952271
650 4 _aMujeres en república dominicana
_xCondiciones sociales
_952272
651 4 _aRepública Dominicana
_xPoblación
_91423
710 2 _aGrupo Nacional de Estrategias de Información, Educación y Comunicación (República Dominicana)
_952273
710 2 _aFondo de Naciones Unidas para Actividades en Materia de Población
_952170
910 _aValidado. Control de calidad. MFF
999 _c25082
_d25082